Statistics for Largest Provinces in the World

Click here to take the quiz!

General Stats

  • This quiz has been taken 28 times
  • The average score is 24 of 50

Answer Stats

CountrySubdivision% Correct
United StatesState of Alaska
96%
CanadaProvince of Alberta
92%
CanadaProvince of British Columbia
92%
CanadaProvince of Ontario
92%
United StatesState of Texas
92%
AustraliaState of Western Australia
92%
CanadaTerritory of Nunavut
92%
CanadaYukon Territory
92%
DenmarkGreenland
88%
CanadaNorthwest Territories
88%
CanadaProvince of Manitoba
88%
CanadaProvince of Quebec
88%
AustraliaState of South Australia
88%
CanadaProvince of Saskatchewan
83%
United StatesState of California
83%
AustraliaState of New South Wales
83%
AustraliaState of Queensland
79%
ChinaTibet Autonomous Region
79%
AustraliaNorthern Territory
75%
ChinaInner Mongolia Autonomous Region
71%
BrazilState of Amazonas
67%
ChinaXinjiang Uyghur Autonomous Region
58%
RussiaKamchatka Krai
50%
RussiaSakha Republic
50%
RussiaIrkutsk Oblast
42%
RussiaKrasnoyarsk Krai
38%
BrazilState of Mato Grosso
38%
ChinaSichuan Province
33%
BrazilState of Pará
29%
ChinaGansu Province
25%
RussiaMagadan Oblast
25%
RussiaChukotka Autonomous Okrug
21%
RussiaKhabarovsk Krai
21%
ChinaQinghai Province
21%
Saudi ArabiaEastern Province
17%
ChinaHeilongjiang Province
17%
EgyptNew Valley Governorate
17%
BrazilState of Bahia
17%
BrazilState of Minas Gerais
17%
Dem. Rep. CongoKatanga Province
13%
RussiaKhanty-Mansi Autonomous Okrug
13%
AlgeriaTamanrasset Province
13%
RussiaYamalo-Nenets Autonomous Okrug
13%
AlgeriaAdrar Province
8%
NigerAgadez Region
8%
KazakhstanKaragandy Region
8%
LibyaKufra District
4%
Dem. Rep. CongoOrientale Province
4%
MaliTombouctou Region
4%
RussiaZabaykalsky Krai
0%

Score Distribution

Percentile by Number Answered

Percent of People with Each Score

Your Score History

You have not taken this quiz